000 00286nam a22001217a 4500
082 _a621.38889 SWA'I
100 _aWOERD, J. VAN DER,SWALUW, H. L
_980409
245 _aINTRODUCTION TO TV SERVICING
250 _a2ND
260 _aENGLAND
_bPHILIP
_c1963
300 _a272P
942 _cBK
999 _c585351
_d585351